Largest C Countries - Statistics

General Stats
  • This quiz has been taken 1,831 times
  • The average score is 7 of 10
Answer Stats
area country % Correct
1.00 Canada
95%
0.96 China
93%
0.11 Colombia
81%
0.08 Chile
77%
0.13 Chad
75%
0.02 Cambodia
71%
0.05 Cameroon
68%
0.01 Cuba
57%
0.06 Central African Republic
49%
0.03 Côte d'Ivoire
17%
No matching quizzes found
Score Distribution
Percent of People with Each Score
Percentile by Number Answered
Your Score History
You have not taken this quiz